Last of lands : Antarctica /

Bibliographic Details
Main Author: Lovering, J. F. (John Francis), 1930-
Other Authors: Prescott, J. R. V. (John Robert Victor)
Format: Book
Language:English
Published: Carlton [Australia] : Forest Grove, Or. : Melbourne University Press ; ISBS, 1979.
Subjects:

MARC

Tag First Indicator Second Indicator Subfields
LEADER 00000cam a2200000 i 4500
001 in00000057522
005 20151007082157.0
008 150910s1979 at a b 00110 eng
010 |a  79670171  
015 |a Aus*** 
020 |a 0522841422 
035 |a (OCoLC)05285848 
035 |9 AAF7487AM 
040 |a DLC  |c DLC  |d OCL  |d TXA  |d UtOrBLW 
043 |a t------ 
049 |a TXAM  |c [981002] 
050 0 0 |a G860  |b .L68 
082 0 |a 919.8/9 
100 1 |a Lovering, J. F.  |q (John Francis),  |d 1930- 
245 1 0 |a Last of lands :  |b Antarctica /  |c J. F. Lovering and J. R. V. Prescott. 
264 1 |a Carlton [Australia] :  |b Melbourne University Press ;  |a Forest Grove, Or. :  |b ISBS,  |c 1979. 
300 |a xi, 212 pages :  |b illustrations ;  |c 22 cm. 
336 |a text  |b txt  |2 rdacontent 
337 |a unmediated  |b n  |2 rdamedia 
338 |a volume  |b nc  |2 rdacarrier 
504 |a Includes bibliographies and index. 
651 0 |a Antarctica. 
700 1 |a Prescott, J. R. V.  |q (John Robert Victor) 
999 |a MARS 
999 f f |s 19c220c9-8aea-31f8-98d0-0b8152eea92c  |i 073a5a37-df59-3573-b81a-e1818dd5d7b2  |t 0 
952 f f |p ric  |a Texas A&M University  |b Rellis Campus  |c Joint Library Facility  |d Remote Storage  |t 0  |e G860 .L68  |h Library of Congress classification  |i unmediated -- volume  |m A14802388401 
998 f f |a G860 .L68  |t 0  |l Remote Storage